[Event "Montreal Mercredi 08"]
[Site "Montreal CAN"]
[Date "2017.09.13"]
[Round "3"]
[White "Johnson-Constantin, Mathieu"]
[Black "Lebeau, Gilbert"]
[Result "1-0"]
[WhiteElo "2001"]
[BlackElo "2049"]
[WhiteFideId "-1"]
[WhiteFideId "-1"]
[PlyCount "57"]
[GameId "2160767908347160"]
[EventDate "2017.08.30"]
[EventType "swiss"]
[EventRounds "5"]
[EventCountry "CAN"]
[SourceTitle "EXT 2022"]
[Source "ChessBase"]
[SourceDate "2021.10.06"]
[SourceVersion "1"]
[SourceVersionDate "2021.10.06"]
[SourceQuality "1"]

1. e4 e6 2. d4 d5 3. Nd2 Nf6 4. e5 Nfd7 5. Bd3 c5 6. c3 Nc6 7. Ne2 cxd4 8. cxd4 Qb6 9. Nf3 f6 10. exf6 Nxf6 11. O-O Bd6 12. Re1 O-O 13. b3 Bd7 14. Bf4 Bxf4 15. Nxf4 Rae8 16. Qd2 a5 17. Rad1 Qb4 18. Qc2 Qd6 19. Ne5 Nb4 20. Qd2 Nxd3 21. Nfxd3 Ne4 22. Qxa5 Bc6 23. f3 Nf6 24. Qc5 Qxc5 25. Nxc5 Re7 26. Nxc6 bxc6 27. Rxe6 Rxe6 28. Nxe6 Re8 29. Re1 1-0

[Event "Montreal Mercredi 08"]
[Site "Montreal CAN"]
[Date "2017.09.13"]
[Round "3"]
[White "Leveille, Francois"]
[Black "Lopez Linares, Lizandro"]
[Result "1-0"]
[WhiteElo "2307"]
[BlackElo "2199"]
[WhiteFideId "-1"]
[WhiteFideId "-1"]
[PlyCount "47"]
[GameId "2160767908347161"]
[EventDate "2017.08.30"]
[EventType "swiss"]
[EventRounds "5"]
[EventCountry "CAN"]
[SourceTitle "EXT 2022"]
[Source "ChessBase"]
[SourceDate "2021.10.06"]
[SourceVersion "1"]
[SourceVersionDate "2021.10.06"]
[SourceQuality "1"]

1. c4 c6 2. e4 e5 3. Nf3 Qc7 4. d4 Bb4+ 5. Nc3 d6 6. a3 Bxc3+ 7. bxc3 Bg4 8. h3 Bxf3 9. Qxf3 Nd7 10. Bd3 Ngf6 11. O-O O-O 12. Qd1 Rfe8 13. Qc2 d5 14. cxd5 cxd5 15. exd5 Nxd5 16. Bxh7+ Kh8 17. Bf5 N7b6 18. Qe4 g6 19. Qh4+ Kg8 20. Bg4 f5 21. Bd1 Qxc3 22. Rb1 e4 23. Bb3 Qc6 24. Bf4 1-0

[Event "Montreal Mercredi 08"]
[Site "Montreal CAN"]
[Date "2017.09.13"]
[Round "3"]
[White "Nardone, Raul"]
[Black "Millette, Sylvain"]
[Result "1/2-1/2"]
[WhiteElo "1845"]
[BlackElo "1821"]
[WhiteFideId "-1"]
[WhiteFideId "-1"]
[PlyCount "83"]
[GameId "2160767908347162"]
[EventDate "2017.08.30"]
[EventType "swiss"]
[EventRounds "5"]
[EventCountry "CAN"]
[SourceTitle "EXT 2022"]
[Source "ChessBase"]
[SourceDate "2021.10.06"]
[SourceVersion "1"]
[SourceVersionDate "2021.10.06"]
[SourceQuality "1"]

1. d4 Nf6 2. Bf4 g6 3. Nf3 d5 4. e3 Bg7 5. Be2 Nbd7 6. O-O O-O 7. h3 c5 8. c3 Qb6 9. Qb3 Qxb3 10. axb3 cxd4 11. exd4 h6 12. Na3 a6 13. Nb5 Ne8 14. Ra2 Nb6 15. Bd3 axb5 16. Rxa8 Nxa8 17. Bxb5 Nd6 18. Be2 Nb6 19. Rc1 Nd7 20. c4 dxc4 21. bxc4 Nf5 22. Rd1 e5 23. dxe5 Ne7 24. b4 Nc6 25. e6 fxe6 26. Bd6 Re8 27. b5 Nce5 28. Ne1 Nb6 29. Rc1 Bd7 30. Bc7 Na8 31. Bd6 Rc8 32. f4 Nf7 33. Ba3 Bxb5 34. cxb5 Rxc1 35. Bxc1 Bd4+ 36. Kh1 Nc7 37. Nf3 Bc5 38. Bd3 Kh7 39. Nh4 Nh8 40. Bb2 Be7 41. Nf3 Nf7 42. Ne5 1/2-1/2

[Event "Montreal Mercredi 08"]
[Site "Montreal CAN"]
[Date "2017.09.13"]
[Round "3"]
[White "O'Connor, Michael"]
[Black "Baran, Marius"]
[Result "1-0"]
[WhiteElo "1758"]
[BlackElo "1735"]
[WhiteFideId "-1"]
[WhiteFideId "-1"]
[PlyCount "65"]
[GameId "2160767908347163"]
[EventDate "2017.08.30"]
[EventType "swiss"]
[EventRounds "5"]
[EventCountry "CAN"]
[SourceTitle "EXT 2022"]
[Source "ChessBase"]
[SourceDate "2021.10.06"]
[SourceVersion "1"]
[SourceVersionDate "2021.10.06"]
[SourceQuality "1"]

1. d4 d5 2. Nf3 Nf6 3. c4 e6 4. Bg5 Be7 5. Nc3 Nbd7 6. e3 O-O 7. Qc2 c5 8. dxc5 Nxc5 9. Be2 dxc4 10. Bxc4 a6 11. a4 Qa5 12. O-O Bd7 13. Ne5 Rfd8 14. b4 Qxb4 15. a5 Ba4 16. Nxa4 Rd2 17. Qb1 Nxa4 18. Qxb4 Bxb4 19. Rxa4 Bd6 20. Bf4 Rd8 21. Ra2 Bb4 22. Ra4 Bc3 23. Nf3 Rc2 24. Ba2 h6 25. h3 g5 26. Bc7 Rd7 27. Bb6 Rd6 28. Bb1 Rb2 29. Rc4 Nd5 30. Rc8+ Kg7 31. Bc5 Rd7 32. Rc1 Bf6 33. Bf8+ 1-0

[Event "Montreal Mercredi 08"]
[Site "Montreal CAN"]
[Date "2017.09.13"]
[Round "3"]
[White "Pomerantz, Daniel"]
[Black "Langlois-Remillard, Alexis"]
[Result "1-0"]
[WhiteElo "1978"]
[BlackElo "1975"]
[WhiteFideId "-1"]
[WhiteFideId "-1"]
[PlyCount "65"]
[GameId "2160767908347164"]
[EventDate "2017.08.30"]
[EventType "swiss"]
[EventRounds "5"]
[EventCountry "CAN"]
[SourceTitle "EXT 2022"]
[Source "ChessBase"]
[SourceDate "2021.10.06"]
[SourceVersion "1"]
[SourceVersionDate "2021.10.06"]
[SourceQuality "1"]

1. e4 e6 2. d4 d5 3. Nd2 Nf6 4. e5 Nfd7 5. Bd3 c5 6. c3 Nc6 7. Ne2 cxd4 8. cxd4 f6 9. exf6 Nxf6 10. O-O Bd6 11. Nf3 Qc7 12. Bg5 O-O 13. Bh4 Nh5 14. Qc2 h6 15. Bh7+ Kh8 16. Bg6 Rxf3 17. Bxh5 Bxh2+ 18. Kh1 Rf5 19. Bg6 Bd6 20. Bxf5 exf5 21. f4 Qf7 22. Kg1 Bd7 23. Rad1 Qh5 24. Bg3 Re8 25. Nc3 Re3 26. Qf2 Re6 27. Qf3 Qg6 28. Rfe1 Nxd4 29. Rxd4 Bc5 30. Red1 Qe8 31. Bf2 g5 32. Qxd5 Bxd4 33. Qxd4+ 1-0

[Event "Montreal Mercredi 08"]
[Site "Montreal CAN"]
[Date "2017.09.13"]
[Round "3"]
[White "Saha, Ananda"]
[Black "Zheng, Richard"]
[Result "1/2-1/2"]
[WhiteElo "2116"]
[BlackElo "2053"]
[WhiteFideId "-1"]
[WhiteFideId "-1"]
[PlyCount "90"]
[GameId "2160767908347165"]
[EventDate "2017.08.30"]
[EventType "swiss"]
[EventRounds "5"]
[EventCountry "CAN"]
[SourceTitle "EXT 2022"]
[Source "ChessBase"]
[SourceDate "2021.10.06"]
[SourceVersion "1"]
[SourceVersionDate "2021.10.06"]
[SourceQuality "1"]

1. Nf3 d5 2. g3 g6 3. Bg2 Bg7 4. d4 e6 5. c3 Ne7 6. O-O O-O 7. Bf4 b6 8. Nbd2 Bb7 9. Re1 f5 10. Ne5 Nd7 11. Nxd7 Qxd7 12. Nf3 Nc6 13. Qd2 Rfe8 14. Rad1 Kh8 15. h4 Rad8 16. Qe3 Qe7 17. Ne5 Nxe5 18. Bxe5 Bxe5 19. Qxe5+ Qg7 20. Qxg7+ Kxg7 21. Bf3 h5 22. e3 Ba6 23. Ra1 c6 24. a4 Rb8 25. b4 Re7 26. Reb1 Bc4 27. Bg2 Reb7 28. Bf1 Bxf1 29. Kxf1 a6 30. Ra2 Kf6 31. f4 Ra8 32. Ke2 Rba7 33. Kd3 b5 34. Rba1 Ke7 35. Kc2 Kd7 36. Kb3 Kd6 37. Rd2 Kd7 38. axb5 axb5 39. Rda2 Rxa2 40. Rxa2 Rxa2 41. Kxa2 Kd6 42. Kb2 Ke7 43. Ka2 Kd6 44. Kb2 Ke7 45. Ka2 Kd6 1/2-1/2

[Event "Montreal Mercredi 08"]
[Site "Montreal CAN"]
[Date "2017.09.18"]
[Round "4"]
[White "Beaulieu, Pierre"]
[Black "Millette, Sylvain"]
[Result "0-1"]
[WhiteElo "1829"]
[BlackElo "1821"]
[WhiteFideId "-1"]
[WhiteFideId "-1"]
[PlyCount "95"]
[GameId "2160767908347167"]
[EventDate "2017.08.30"]
[EventType "swiss"]
[EventRounds "5"]
[EventCountry "CAN"]
[SourceTitle "EXT 2022"]
[Source "ChessBase"]
[SourceDate "2021.10.06"]
[SourceVersion "1"]
[SourceVersionDate "2021.10.06"]
[SourceQuality "1"]

1. Nf3 Nf6 2. b3 Nc6 3. Bb2 g6 4. Bxf6 exf6 5. c4 Bg7 6. Nc3 f5 7. Rc1 Ne5 8. Nxe5 Bxe5 9. d4 Bg7 10. g3 c6 11. Bg2 d6 12. O-O Qf6 13. d5 c5 14. e3 a6 15. Re1 O-O 16. Kh1 Re8 17. a4 Bd7 18. Qc2 Qxc3 19. Qxc3 Bxc3 20. Rxc3 b5 21. a5 bxc4 22. bxc4 Rab8 23. Ra1 Rb2 24. Kg1 Reb8 25. Raa3 Rb1+ 26. Bf1 f4 27. Kg2 f3+ 28. Kxf3 Rxf1 29. Ra2 Rfb1 30. Rcc2 h5 31. h4 Bg4+ 32. Kf4 Bd1 33. Rc3 R1b2 34. Rxb2 Rxb2 35. f3 Be2 36. e4 f6 37. Ke3 Bd1 38. f4 Rb3 39. Rxb3 Bxb3 40. Kd3 Ba2 41. e5 fxe5 42. fxe5 dxe5 43. Ke4 Bxc4 44. Kxe5 Bb5 45. d6 Kf7 46. Kd5 c4 47. d7 Bxd7 48. Kxc4 0-1

[Event "Montreal Mercredi 08"]
[Site "Montreal CAN"]
[Date "2017.09.20"]
[Round "4"]
[White "Autotte, Daniel"]
[Black "Baran, Marius"]
[Result "0-1"]
[WhiteElo "1729"]
[BlackElo "1735"]
[WhiteFideId "-1"]
[WhiteFideId "-1"]
[PlyCount "100"]
[GameId "2160767908347168"]
[EventDate "2017.08.30"]
[EventType "swiss"]
[EventRounds "5"]
[EventCountry "CAN"]
[SourceTitle "EXT 2022"]
[Source "ChessBase"]
[SourceDate "2021.10.06"]
[SourceVersion "1"]
[SourceVersionDate "2021.10.06"]
[SourceQuality "1"]

1. d4 d5 2. Bf4 Bf5 3. e3 e6 4. Nf3 Nf6 5. Be2 Bd6 6. Bg3 O-O 7. Nbd2 c5 8. c3 Nc6 9. Ne5 Rc8 10. O-O Qc7 11. Nxc6 Qxc6 12. Nf3 Bxg3 13. hxg3 Qc7 14. Ne5 cxd4 15. exd4 Nd7 16. Nxd7 Qxd7 17. Bd3 Bxd3 18. Qxd3 Qc7 19. Rae1 Qc4 20. Qb1 b5 21. Rc1 Rc7 22. Rfd1 Rfc8 23. Qd3 Qxd3 24. Rxd3 b4 25. Rcd1 bxc3 26. Rxc3 Rxc3 27. bxc3 Rxc3 28. Rb1 g6 29. Rb4 Ra3 30. Rb2 h5 31. Kf1 Kg7 32. Ke2 Kf6 33. f3 Kf5 34. Kf2 f6 35. Kg1 e5 36. dxe5 fxe5 37. Rb5 Ke6 38. Rb2 d4 39. Kf2 g5 40. Re2 Kd5 41. Rb2 Kc4 42. Re2 Ra5 43. Ke1 Kc3 44. Kd1 d3 45. Rf2 Rb5 46. Kc1 d2+ 47. Rxd2 Rb1+ 48. Kxb1 Kxd2 49. Kb2 Ke3 50. Kc3 Kf2 0-1

[Event "Montreal Mercredi 08"]
[Site "Montreal CAN"]
[Date "2017.09.20"]
[Round "4"]
[White "Gates, Claude-Eric"]
[Black "Jean, Robert"]
[Result "1-0"]
[WhiteElo "1796"]
[BlackElo "1788"]
[WhiteFideId "-1"]
[WhiteFideId "-1"]
[PlyCount "97"]
[GameId "2160767908347169"]
[EventDate "2017.08.30"]
[EventType "swiss"]
[EventRounds "5"]
[EventCountry "CAN"]
[SourceTitle "EXT 2022"]
[Source "ChessBase"]
[SourceDate "2021.10.06"]
[SourceVersion "1"]
[SourceVersionDate "2021.10.06"]
[SourceQuality "1"]

1. e4 c5 2. d4 cxd4 3. c3 Nf6 4. e5 Nd5 5. Qxd4 e6 6. Nf3 Nc6 7. Qe4 f5 8. Qe2 Be7 9. g3 O-O 10. Bg2 d6 11. O-O dxe5 12. Nxe5 Nxe5 13. Qxe5 Bf6 14. Qe2 Qb6 15. Na3 Bd7 16. Rd1 Rae8 17. c4 Ba4 18. cxd5 Bxd1 19. Qxd1 Rd8 20. Rb1 Qd6 21. Be3 b6 22. Nc4 Qb4 23. b3 Kh8 24. a3 Qb5 25. a4 Qd7 26. d6 e5 27. Qd5 Rfe8 28. Rd1 Re6 29. Qd2 b5 30. Bd5 bxc4 31. Bxe6 Qxe6 32. Bxa7 cxb3 33. Bb6 Rd7 34. Bc7 e4 35. Qd5 Qxd5 36. Rxd5 b2 37. Rb5 Kg8 38. a5 Bd4 39. a6 g6 40. Rxb2 Kf7 41. Rb7 Ke6 42. a7 Bxa7 43. Rxa7 g5 44. Ra8 g4 45. Re8+ Kf7 46. Re5 Kf6 47. Rb5 Ke6 48. Kf1 Kf6 49. Ke2 1-0

[Event "Montreal Mercredi 08"]
[Site "Montreal CAN"]
[Date "2017.09.20"]
[Round "4"]
[White "Have, Didier"]
[Black "Langlois-Remillard, Alexis"]
[Result "1-0"]
[WhiteElo "1959"]
[BlackElo "1975"]
[WhiteFideId "-1"]
[WhiteFideId "-1"]
[PlyCount "109"]
[GameId "2160767908347170"]
[EventDate "2017.08.30"]
[EventType "swiss"]
[EventRounds "5"]
[EventCountry "CAN"]
[SourceTitle "EXT 2022"]
[Source "ChessBase"]
[SourceDate "2021.10.06"]
[SourceVersion "1"]
[SourceVersionDate "2021.10.06"]
[SourceQuality "1"]

1. d4 d5 2. Bf4 Nf6 3. e3 c5 4. c3 e6 5. Nd2 Bd6 6. Bg3 Nc6 7. Ngf3 O-O 8. Bd3 Re8 9. Ne5 Bxe5 10. dxe5 Nd7 11. Nf3 Qc7 12. Ng5 Nf8 13. Qf3 b6 14. h4 Bb7 15. Qh5 g6 16. Qf3 d4 17. Be4 dxc3 18. bxc3 Rad8 19. h5 Qe7 20. Qf4 Nxe5 21. Qh4 Bxe4 22. Nxe4 Nd3+ 23. Ke2 g5 24. Nxg5 f5 25. Nf3 Qg7 26. Qg5 Qxg5 27. Nxg5 e5 28. Nf3 e4 29. Nh4 f4 30. Bxf4 Nxf4+ 31. exf4 Rd3 32. Rac1 Ne6 33. g3 c4 34. Nf5 Nc5 35. Rc2 Kf7 36. Nh6+ Kg7 37. Ng4 Na4 38. Rhc1 b5 39. Ne5 Kf6 40. f3 exf3+ 41. Kf2 Rxe5 42. fxe5+ Kxe5 43. Re1+ Kf5 44. Re3 Rxe3 45. Kxe3 Kg4 46. h6 Kxg3 47. Rf2 Nxc3 48. Rxf3+ Kg4 49. Rf7 Kg5 50. Rxh7 Kg6 51. Rxa7 Kxh6 52. Ra5 b4 53. Kd4 Nxa2 54. Rxa2 c3 55. Kc4 1-0

[Event "Montreal Mercredi 08"]
[Site "Montreal CAN"]
[Date "2017.09.20"]
[Round "4"]
[White "Jacquet, Stephane"]
[Black "Johnson-Constantin, Mathieu"]
[Result "1/2-1/2"]
[WhiteElo "2023"]
[BlackElo "2001"]
[WhiteFideId "-1"]
[WhiteFideId "-1"]
[PlyCount "52"]
[GameId "2160767908347171"]
[EventDate "2017.08.30"]
[EventType "swiss"]
[EventRounds "5"]
[EventCountry "CAN"]
[SourceTitle "EXT 2022"]
[Source "ChessBase"]
[SourceDate "2021.10.06"]
[SourceVersion "1"]
[SourceVersionDate "2021.10.06"]
[SourceQuality "1"]

1. d4 Nf6 2. c4 g6 3. Nc3 d5 4. cxd5 Nxd5 5. e4 Nxc3 6. bxc3 Bg7 7. Bc4 c5 8. Ne2 O-O 9. O-O Nc6 10. Be3 cxd4 11. cxd4 b6 12. Bd5 Bb7 13. Rc1 Rc8 14. Qa4 Qd7 15. Rfd1 Rfd8 16. Bc4 Nxd4 17. Qxd7 Rxd7 18. Nxd4 Bxd4 19. Rxd4 Rxd4 20. Bxd4 Ba6 21. Bxf7+ Kxf7 22. Rxc8 Bxc8 23. Kf1 Bb7 24. f3 Ke6 25. Ke2 Kd6 26. Ke3 Ke6 1/2-1/2

[Event "Montreal Mercredi 08"]
[Site "Montreal CAN"]
[Date "2017.09.20"]
[Round "4"]
[White "Lebeau, Gilbert"]
[Black "Pomerantz, Daniel"]
[Result "0-1"]
[WhiteElo "2049"]
[BlackElo "1978"]
[WhiteFideId "-1"]
[WhiteFideId "-1"]
[PlyCount "92"]
[GameId "2160767908347172"]
[EventDate "2017.08.30"]
[EventType "swiss"]
[EventRounds "5"]
[EventCountry "CAN"]
[SourceTitle "EXT 2022"]
[Source "ChessBase"]
[SourceDate "2021.10.06"]
[SourceVersion "1"]
[SourceVersionDate "2021.10.06"]
[SourceQuality "1"]

1. d4 Nf6 2. Bf4 e6 3. e3 b6 4. Nf3 Bb7 5. Nbd2 c5 6. c3 cxd4 7. exd4 Be7 8. Bd3 d6 9. h3 O-O 10. O-O Re8 11. Re1 Nbd7 12. Qc2 Rc8 13. Rad1 Nf8 14. Bh2 Qc7 15. a4 a6 16. c4 Qd7 17. b4 a5 18. bxa5 bxa5 19. Qa2 Bc6 20. Ra1 Rb8 21. Reb1 Rec8 22. c5 Rxb1+ 23. Bxb1 Bd5 24. Nc4 dxc5 25. Nfe5 Qb7 26. f3 cxd4 27. Bd3 Bb4 28. Rb1 Qa7 29. Qb2 N8d7 30. Na3 Qc5 31. Nb5 Bc3 32. Qe2 Nxe5 33. Bxe5 Nd7 34. Bd6 Qb6 35. Be7 Bb4 36. Bxb4 axb4 37. Rxb4 Rc1+ 38. Kh2 Qb8+ 39. g3 Ne5 40. Be4 d3 41. Qe3 Rc2+ 42. Kh1 Re2 43. Qf4 d2 44. Nc3 Qxb4 45. Bxh7+ Kxh7 46. Qxb4 Nxf3 0-1

[Event "Montreal Mercredi 08"]
[Site "Montreal CAN"]
[Date "2017.09.20"]
[Round "4"]
[White "Leveille, Francois"]
[Black "Cloutier, Mathieu"]
[Result "0-1"]
[WhiteElo "2307"]
[BlackElo "2142"]
[WhiteFideId "-1"]
[WhiteFideId "-1"]
[PlyCount "90"]
[GameId "2160767908347173"]
[EventDate "2017.08.30"]
[EventType "swiss"]
[EventRounds "5"]
[EventCountry "CAN"]
[SourceTitle "EXT 2022"]
[Source "ChessBase"]
[SourceDate "2021.10.06"]
[SourceVersion "1"]
[SourceVersionDate "2021.10.06"]
[SourceQuality "1"]

1. Nf3 c5 2. g3 g6 3. Bg2 Bg7 4. c4 Nf6 5. O-O O-O 6. Nc3 d6 7. a3 Nbd7 8. Rb1 Rb8 9. b4 b6 10. d3 Bb7 11. e4 h6 12. h3 Nh5 13. Bd2 Kh7 14. g4 Nhf6 15. g5 Nh5 16. gxh6 Bxh6 17. Ng5+ Kg7 18. Qc1 Rh8 19. f4 Bxg5 20. fxg5 Ne5 21. Nd5 Bxd5 22. exd5 Nxd3 23. Bc3+ f6 24. Qc2 Ne5 25. Rf2 Ng3 26. bxc5 bxc5 27. Re1 Qd7 28. Rf4 Rh5 29. h4 Rbh8 30. Qf2 Nf5 31. Bh3 Rxg5+ 32. hxg5 Rxh3 33. Bxe5 fxe5 34. Rf3 Rh5 35. Rb1 Rxg5+ 36. Kf1 Qa4 37. Rc3 Rg4 38. Qa2 Rd4 39. Ke2 Rh4 40. Rf1 Rh2+ 41. Rf2 Nd4+ 42. Ke3 Rh1 43. Rh2 Re1+ 44. Kf2 Qd1 45. Kg3 Ne2+ 0-1

[Event "Montreal Mercredi 08"]
[Site "Montreal CAN"]
[Date "2017.09.20"]
[Round "4"]
[White "Lopez Linares, Lizandro"]
[Black "Zheng, Richard"]
[Result "1-0"]
[WhiteElo "2199"]
[BlackElo "2053"]
[WhiteFideId "-1"]
[WhiteFideId "-1"]
[PlyCount "57"]
[GameId "2160767908347174"]
[EventDate "2017.08.30"]
[EventType "swiss"]
[EventRounds "5"]
[EventCountry "CAN"]
[SourceTitle "EXT 2022"]
[Source "ChessBase"]
[SourceDate "2021.10.06"]
[SourceVersion "1"]
[SourceVersionDate "2021.10.06"]
[SourceQuality "1"]

1. d4 f5 2. Nf3 Nf6 3. g3 d5 4. Bg2 e6 5. c4 c6 6. O-O Bd6 7. Bf4 Bxf4 8. gxf4 b6 9. Ne5 O-O 10. Nc3 Bb7 11. Qa4 Ng4 12. h3 Nxe5 13. dxe5 Nd7 14. Rad1 Nc5 15. Qa3 Qh4 16. e3 Ne4 17. Nxe4 fxe4 18. Qd6 Rae8 19. cxd5 exd5 20. f3 exf3 21. Rxf3 g5 22. f5 Qe4 23. Qd7 Bc8 24. Qxc6 Qxe5 25. Rxd5 Qxb2 26. f6 Re6 27. Rxg5+ Kh8 28. Qc7 Qc1+ 29. Qxc1 1-0

[Event "Montreal Mercredi 08"]
[Site "Montreal CAN"]
[Date "2017.09.20"]
[Round "4"]
[White "Millette, Sylvain"]
[Black "Zumsteg, Nicolas"]
[Result "0-1"]
[WhiteElo "1821"]
[BlackElo "1811"]
[WhiteFideId "-1"]
[WhiteFideId "-1"]
[PlyCount "54"]
[GameId "2160767908347175"]
[EventDate "2017.08.30"]
[EventType "swiss"]
[EventRounds "5"]
[EventCountry "CAN"]
[SourceTitle "EXT 2022"]
[Source "ChessBase"]
[SourceDate "2021.10.06"]
[SourceVersion "1"]
[SourceVersionDate "2021.10.06"]
[SourceQuality "1"]

1. Nf3 Nf6 2. g3 g6 3. Bg2 Bg7 4. d4 d5 5. O-O O-O 6. c4 c6 7. cxd5 cxd5 8. Nc3 Nc6 9. b3 Ne4 10. Bb2 Nxc3 11. Bxc3 e6 12. e3 Bd7 13. Nd2 Qb6 14. f4 Ne7 15. Nf3 Nf5 16. Qd2 a5 17. Ne5 Bb5 18. Rfe1 Nd6 19. e4 dxe4 20. Bxe4 Nxe4 21. Rxe4 Rfd8 22. Nc4 Qc6 23. Rae1 Bxc4 24. bxc4 Qxc4 25. Bxa5 Rxd4 26. Qb4 Qd5 27. Rxd4 Bxd4+ 0-1

[Event "Montreal Mercredi 08"]
[Site "Montreal CAN"]
[Date "2017.09.20"]
[Round "4"]
[White "Nardone, Raul"]
[Black "Beaulieu, Pierre"]
[Result "0-1"]
[WhiteElo "1845"]
[BlackElo "1829"]
[WhiteFideId "-1"]
[WhiteFideId "-1"]
[PlyCount "82"]
[GameId "2160767908347176"]
[EventDate "2017.08.30"]
[EventType "swiss"]
[EventRounds "5"]
[EventCountry "CAN"]
[SourceTitle "EXT 2022"]
[Source "ChessBase"]
[SourceDate "2021.10.06"]
[SourceVersion "1"]
[SourceVersionDate "2021.10.06"]
[SourceQuality "1"]

1. d4 c5 2. d5 Nf6 3. c4 b5 4. cxb5 a6 5. b6 Qxb6 6. Nc3 g6 7. e4 d6 8. Be2 Bg7 9. Nf3 Nbd7 10. Nd2 O-O 11. Nc4 Qc7 12. O-O Nb6 13. Rb1 Nxc4 14. Bxc4 Nd7 15. Re1 Rb8 16. Bd2 Bd4 17. Qe2 Ne5 18. h3 Rb4 19. Bd3 Qb8 20. Nd1 c4 21. Bc2 Rb7 22. Bh6 Re8 23. Ba4 Bd7 24. Bxd7 Rxd7 25. Be3 Qa7 26. Bxd4 Qxd4 27. Nc3 Nd3 28. Rf1 Rb7 29. Qd2 Reb8 30. Ne2 Qa7 31. b3 Ne5 32. Kh1 cxb3 33. axb3 Rxb3 34. Rxb3 Rxb3 35. Qc2 Qb7 36. Nd4 Rb2 37. Qc3 Rb1 38. Rc1 Nd3 39. Rxb1 Qxb1+ 40. Kh2 Nxf2 41. e5 Qh1+ 0-1

[Event "Montreal Mercredi 08"]
[Site "Montreal CAN"]
[Date "2017.09.20"]
[Round "4"]
[White "Vignalou, Joseph"]
[Black "O'Connor, Michael"]
[Result "0-1"]
[WhiteElo "1805"]
[BlackElo "1758"]
[WhiteFideId "-1"]
[WhiteFideId "-1"]
[PlyCount "66"]
[GameId "2160767908347178"]
[EventDate "2017.08.30"]
[EventType "swiss"]
[EventRounds "5"]
[EventCountry "CAN"]
[SourceTitle "EXT 2022"]
[Source "ChessBase"]
[SourceDate "2021.10.06"]
[SourceVersion "1"]
[SourceVersionDate "2021.10.06"]
[SourceQuality "1"]

1. e4 c5 2. Nf3 Nc6 3. Bb5 g6 4. O-O Bg7 5. Re1 e6 6. c3 Nge7 7. d4 cxd4 8. cxd4 d5 9. e5 O-O 10. Nc3 Bd7 11. Bg5 h6 12. Bh4 a6 13. Bf1 Qc7 14. Rc1 Nf5 15. Bf6 Bxf6 16. exf6 Qd8 17. g4 Nd6 18. Ne5 Ne8 19. g5 hxg5 20. Qg4 Nxf6 21. Qxg5 Nh7 22. Qh6 Nxd4 23. Bd3 Be8 24. Re3 Qg5+ 25. Qxg5 Nxg5 26. h4 Nh7 27. h5 gxh5 28. Kh1 f6 29. Rg1+ Kh8 30. Ng6+ Bxg6 31. Rxg6 Rg8 32. Rh6 Rg7 33. Rxh5 f5 0-1

[Event "Montreal Mercredi 08"]
[Site "Montreal CAN"]
[Date "2017.09.27"]
[Round "5"]
[White "Autotte, Daniel"]
[Black "O'Connor, Michael"]
[Result "1/2-1/2"]
[WhiteElo "1729"]
[BlackElo "1758"]
[WhiteFideId "-1"]
[WhiteFideId "-1"]
[PlyCount "112"]
[GameId "2160767908347179"]
[EventDate "2017.08.30"]
[EventType "swiss"]
[EventRounds "5"]
[EventCountry "CAN"]
[SourceTitle "EXT 2022"]
[Source "ChessBase"]
[SourceDate "2021.10.06"]
[SourceVersion "1"]
[SourceVersionDate "2021.10.06"]
[SourceQuality "1"]

1. d4 Nf6 2. Bf4 g6 3. e3 Bg7 4. Nf3 O-O 5. Be2 d6 6. O-O Nfd7 7. h3 e5 8. Bh2 Nc6 9. c3 Kh8 10. Na3 a6 11. Rc1 f5 12. Nc2 g5 13. Nd2 Nf6 14. f4 exf4 15. exf4 g4 16. Kh1 h5 17. hxg4 hxg4 18. g3 Re8 19. Re1 Bd7 20. Bf1 Rxe1 21. Qxe1 Qe8 22. Qf2 Qf7 23. Bg2 Qxa2 24. Rb1 Re8 25. Qf1 Qf7 26. Qd3 Nd5 27. Kg1 Kg8 28. Kf2 Re7 29. Re1 Rxe1 30. Kxe1 Qe7+ 31. Kd1 Qf7 32. Bg1 Kf8 33. c4 Ndb4 34. Nxb4 Nxb4 35. Qb3 c5 36. dxc5 dxc5 37. Bxc5+ Kg8 38. Qxb4 Bc6 39. Bxc6 bxc6 40. Qb8+ Kh7 41. Bd6 Kg6 42. Be5 Bxe5 43. Qxe5 Qd7 44. c5 Qb7 45. Qc3 Qb5 46. Qc4 Qxb2 47. Qxa6 Qf6 48. Kc2 Kh5 49. Qc4 Kg6 50. Nb3 Qe7 51. Nd4 Qe4+ 52. Qd3 Qd5 53. Nb3 Qg2+ 54. Kc3 Qa2 55. Qd6+ Kh5 56. Qxc6 Qxb3+ 1/2-1/2

[Event "Montreal Mercredi 08"]
[Site "Montreal CAN"]
[Date "2017.09.27"]
[Round "5"]
[White "Baran, Marius"]
[Black "Jean, Robert"]
[Result "1/2-1/2"]
[WhiteElo "1735"]
[BlackElo "1788"]
[WhiteFideId "-1"]
[WhiteFideId "-1"]
[PlyCount "75"]
[GameId "2160767908347180"]
[EventDate "2017.08.30"]
[EventType "swiss"]
[EventRounds "5"]
[EventCountry "CAN"]
[SourceTitle "EXT 2022"]
[Source "ChessBase"]
[SourceDate "2021.10.06"]
[SourceVersion "1"]
[SourceVersionDate "2021.10.06"]
[SourceQuality "1"]

1. e4 c5 2. Nf3 Nc6 3. d4 cxd4 4. Nxd4 Nf6 5. Nc3 d6 6. Be2 e5 7. Nb3 Be7 8. O-O O-O 9. Bg5 a5 10. Bxf6 Bxf6 11. Nd5 a4 12. Nd2 Bg5 13. c3 Ne7 14. Nc4 Nxd5 15. Qxd5 Qc7 16. Qxd6 Qxd6 17. Nxd6 Bd7 18. Rad1 Bc6 19. f3 Rad8 20. Rfe1 Be7 21. Nc4 f6 22. Kf1 Rxd1 23. Rxd1 Rd8 24. Nb6 Kf8 25. Rxd8+ Bxd8 26. Nd5 b5 27. c4 bxc4 28. Bxc4 Ba5 29. Ke2 Ke8 30. Kd3 Kd7 31. Nc3 Kd6 32. b3 axb3 33. axb3 Kc5 34. Nd5 Be1 35. Nc7 Kd6 36. Nd5 Kc5 37. Nc7 Kd6 38. Nd5 1/2-1/2

[Event "Montreal Mercredi 08"]
[Site "Montreal CAN"]
[Date "2017.09.27"]
[Round "5"]
[White "Chang, Alexander"]
[Black "Nardone, Raul"]
[Result "1/2-1/2"]
[WhiteElo "1829"]
[BlackElo "1845"]
[WhiteFideId "-1"]
[WhiteFideId "-1"]
[PlyCount "91"]
[GameId "2160767908347181"]
[EventDate "2017.08.30"]
[EventType "swiss"]
[EventRounds "5"]
[EventCountry "CAN"]
[SourceTitle "EXT 2022"]
[Source "ChessBase"]
[SourceDate "2021.10.06"]
[SourceVersion "1"]
[SourceVersionDate "2021.10.06"]
[SourceQuality "1"]

1. e4 c5 2. Nf3 a6 3. d4 cxd4 4. Nxd4 Nf6 5. Bd3 e5 6. Nb3 d5 7. Bg5 Be7 8. exd5 Nxd5 9. Bxe7 Nxe7 10. O-O Bf5 11. Bxf5 Qxd1 12. Rxd1 Nxf5 13. Re1 Nc6 14. Nc3 O-O-O 15. Rad1 Rxd1 16. Rxd1 Nfd4 17. Nxd4 exd4 18. Ne2 Rd8 19. c3 dxc3 20. Rxd8+ Kxd8 21. Nxc3 Kd7 22. Kf1 f5 23. Ke2 Kd6 24. Ke3 Ne5 25. f3 b5 26. b3 Kc5 27. Kf4 Nd3+ 28. Kxf5 Kb4 29. Nb1 Nc1 30. f4 Nxa2 31. Ke6 Kxb3 32. f5 Nb4 33. g4 Nd3 34. g5 b4 35. f6 Nf4+ 36. Kf5 gxf6 37. gxf6 Ng6 38. f7 Kc2 39. Kf6 Kxb1 40. Kg7 Kc2 41. h4 b3 42. h5 Nf4 43. Kf6 Nxh5+ 44. Ke5 b2 45. f8=Q b1=Q 46. Qc5+ 1/2-1/2